| 000 | 00689nam a22002537a 4500 | ||
|---|---|---|---|
| 999 |
_c6666 _d6666 |
||
| 001 | 6666 | ||
| 003 | BD-JhCC | ||
| 005 | 20180401102135.0 | ||
| 008 | 180127b1958 ja ad||| |||| 00| 0 eng d | ||
| 035 | _a(BD-JhCC)6666 | ||
| 040 |
_aBD-JhCC _dBD-JhCC |
||
| 041 | _aeng | ||
| 082 |
_a575.5 _bSIN 1958 |
||
| 100 | _aSinnott, Edmund W. | ||
| 245 |
_aPrincipals Of Genetics / _cEdmund W. Sinnott, L.C.Dunn, Theodosius Dobzhansky |
||
| 260 |
_aTokyo : _bMcGraw-Hill Kogakuhsa,LTD, _c1958. |
||
| 300 |
_a459 p. : _bill.; _c24 cm. |
||
| 650 | _aVariation (Biology) | ||
| 650 | _aGenetics | ||
| 700 | _aDunn, L.C. | ||
| 700 | _aDobzhansky, Theodosius | ||
| 942 |
_2ddc _cBK |
||